Retratos de Guanabacoa [ (Record no. 175423)

MARC details
000 -LEADER
campo de control de longitud fija 01006ncm a2200241 i 4500
001 - NÚMERO DE CONTROL
campo de control 175423
003 - IDENTIFICADOR DE NÚMERO DE CONTROL
campo de control ES-MaACL
005 - FECHA Y HORA DE LA ÚLTIMA TRANSACCIÓN
campo de control 20250823102626.0
007 - CAMPO FIJO DE DESCRIPCIÓN FÍSICA--INFORMACIÓN GENERAL
campo de control de longitud fija qu
008 - DATOS DE LONGITUD FIJA--INFORMACIÓN GENERAL
campo de control de longitud fija 101027s2003 sp ||| |||||||| |dspa d
080 ## - NÚMERO DE LA CLASIFICACIÓN DECIMAL UNIVERSAL
Número de la Clasificación Decimal Universal 786.2
100 1# - ENTRADA PRINCIPAL--NOMBRE DE PERSONA
Nombre de persona Faxas García, Carlos.
9 (RLIN) 143743
245 10 - MENCIÓN DEL TÍTULO
Título Retratos de Guanabacoa [
Medio Música impresa]
Resto del título : serie para piano, op. 57 /
Mención de responsabilidad, etc. Carlos Faxas García.
260 ## - PUBLICACIÓN, DISTRIBUCIÓN, ETC.
Lugar de publicación, distribución, etc. Madrid :
Nombre del editor, distribuidor, etc. [s. n.],
Fecha de publicación, distribución, etc. 2003 (
Fabricante Grafinat)
300 ## - DESCRIPCIÓN FÍSICA
Extensión 1 partitura (21, [3] p.) :
Otras características físicas mús. ;
Dimensiones 30 cm.
500 ## - NOTA GENERAL
Nota general Vocabulario.
505 8# - NOTA DE CONTENIDO CON FORMATO
Nota de contenido con formato Contiene: ;
Título La negrita pianista ;
-- La costurera ;
-- La viuda ;
-- María Moñito ;
-- La viejita Mercedes ;
-- La divorciada ;
-- La guajira ;
-- La copiona ;
-- Una vendedora ;
-- La hija de --, de --, de --, ;
-- La querindanga ;
-- La del fotingo ;
-- Epílogo
650 07 - PUNTO DE ACCESO ADICIONAL DE MATERIA--TÉRMINO DE MATERIA
Término de materia o nombre geográfico como elemento de entrada Música para piano
Fuente del encabezamiento o término embne
9 (RLIN) 15415
650 04 - PUNTO DE ACCESO ADICIONAL DE MATERIA--TÉRMINO DE MATERIA
Término de materia o nombre geográfico como elemento de entrada Partituras.
9 (RLIN) 15877
852 ## - LOCALIZACIÓN
Ubicación ES-MaACL
Número de control de estantería 2281-F-26
Nota libre . - Dedicatoria autógrafa del autor
942 ## - ELEMENTOS DE ENTRADA SECUNDARIOS (KOHA)
Fuente del sistema de clasificación o colocación Clasificación decimal universal
Holdings
Estatus retirado Estado de pérdida Fuente del sistema de clasificación o colocación Estado de daño No para préstamo Colección Biblioteca de origen Biblioteca actual Ubicación en estantería Fecha de adquisición Total de préstamos Signatura topográfica completa Código de barras Visto por última vez Precio de reemplazo Tipo de ítem Koha
    Clasificación decimal universal     Colección de folletos Biblioteca del Ateneo de Madrid Biblioteca del Ateneo de Madrid Depósito folletos 27/10/2010   2281-F-26 1184198 23/02/2023 23/02/2023 Folleto